| 000 | 01149nam a2200253 a 4500 | ||
|---|---|---|---|
| 001 | 59275 | ||
| 003 | BD-RjUL | ||
| 005 | 20211209080719.0 | ||
| 008 | 161222s1985 bg ||||| |||| 00| 0 ben d | ||
| 035 | _a(BD-RjUL)59399 | ||
| 040 |
_aBD-RjUL _bben _cBD-RjUL _dBD-RjUL |
||
| 041 | _aben | ||
| 082 |
_223 _a338.9 _bRAN 1985 |
||
| 100 |
_aরহমান, এস. এম. মাহফুজুর _9176300 |
||
| 245 | 1 | 0 |
_aনয়া আন্তর্জাতিক অর্থনৈতিক ব্যবস্থা / _cএস. এম. মাহফুজুর রহমান, আবু নাসের খান |
| 260 |
_aঢাকা : _bবাংলা একাডেমী, _c১৯৮৫. |
||
| 300 |
_a১০২ পৃ. ; _c১৯ সেমি. |
||
| 490 | _aভাষা-শহীদ গ্রন্থমালা | ||
| 650 |
_aঅর্থনীতি উন্নয়ন ও প্রবৃদ্ধি _9176301 |
||
| 650 |
_aEconomics development and growth _9176302 |
||
| 700 |
_aখান, আবু নাসের _9170554 |
||
| 830 |
_aভাষা-শহীদ গ্রন্থমালা _9171571 |
||
| 942 |
_2ddc _cBK |
||
| 999 |
_c59275 _d59275 |
||